Analýza oceňovania majetku a záväzkov pri prvotnom ocenení bakalárska práca

Saved in:
Bibliographic Details
Main Author: Szászová, Kristína
Corporate Author: Fakulta hospodárskej informatiky EU. Katedra účtovníctva a audítorstva
Other Authors: Šlosárová, Anna
Format: Book
Language:Slovak
Published: Bratislava 2018
Tags: Add Tag
No Tags, Be the first to tag this record!

MARC

LEADER 00000nbm a2200000 4500
001 0245256
005 20181106084447.4
041 0 |a slo 
044 |a SK 
245 1 0 |a Analýza oceňovania majetku a záväzkov pri prvotnom ocenení  |b bakalárska práca  |c Kristína Szászová ; školiteľ: Anna Šlosárová 
264 1 |a Bratislava  |c 2018 
300 |a 36 s. 
100 1 |a Szászová, Kristína 
700 1 |a Šlosárová, Anna 
710 2 |a Fakulta hospodárskej informatiky EU. Katedra účtovníctva a audítorstva